000 00313 a2200133 4500
003 OSt
005 20180116182708.0
008 160518b xxu||||| |||| 00| 0 eng d
040 _c0
100 _aMuhammad Asif Malik
245 _aPakistan Studies
260 _aLahore
_c1998.
942 _aNBS
_cBK
_k954.91 MAL
_2ddc
999 _c344256
_d344256